| 000 | 00588nam a2200205 u 4500 | ||
|---|---|---|---|
| 005 | 20240522063722.0 | ||
| 008 | 100205s2004 es r 000 0 spa d | ||
| 020 | _a8467508574 | ||
| 035 | _aUPN01000174475 | ||
| 049 | _aI | ||
| 050 | 4 |
_aPZ76.3 _bV5.4 |
|
| 100 | 1 |
_aVillanes Cairo, Carlos, _d1945- _931034 |
|
| 245 | 1 | 0 |
_aCortavientos / _cCarlos Villanes Cairo. |
| 260 |
_aMadrid : _bSM, _b2006. |
||
| 300 |
_a124 p. : _bil. |
||
| 440 | 3 |
_aEl barco de vapor ; _v183 |
|
| 650 | 2 |
_aCuentos infantiles peruanos _915447 |
|
| 650 | 0 |
_aAnimales _vCuentos y leyendas _9234 |
|
| 905 | _aInfantil | ||
| 999 |
_c146579 _d146579 |
||